A diary of the wreck of His Majesty's Ship Challenger, on the western coast of South America, in may, 1835. With an account of the subsequent encampment of the officers and crew, during a period of seven weeks on the South coast of Chili

Saved in:
Bibliographic Details
Main Author: Seymour, Michael (Author)
Format: Book
Language:English
Published: Londres Longman, Rees, Brown, Green, & Longman 1836
Edition:1a. ed
Subjects:
Tags: Add Tag
No Tags, Be the first to tag this record!

MARC

LEADER 00000nam a2200000 a 4500
001 UCJ3707
003 CL-VaPUC
008 070124e18360000UK |||||||||||||||||eng|d
082 0 4 |a 910.4  |b SEY  |2 21 
100 0 |a Seymour, Michael  |e author  |9 505953 
245 1 2 |a A diary of the wreck of His Majesty's Ship Challenger, on the western coast of South America, in may, 1835. With an account of the subsequent encampment of the officers and crew, during a period of seven weeks on the South coast of Chili 
250 |a 1a. ed 
300 |a 160 p 
942 |c BK 
945 |d 20070124 00:00:00  |a rinostro 
260 |a Londres  |b Longman, Rees, Brown, Green, & Longman  |c 1836 
500 |a Un mapa, planos e ilustraciones 
650 0 |a Viajes  |9 257115 
650 0 |a Naufragios  |9 317857 
650 7 |a INGLESES  |2 CL-VaPUC  |9 505954 
651 0 |a Concepción  |9 254982 
651 7 |a LEBU  |2 CL-VaPUC  |9 489267 
583 |a last modification  |c 20130628 04:17:20  |k Rodrigo Vera 
999 |c 319829  |d 319827 
952 |0 0  |1 0  |4 0  |6 910_400000000000000_SEY_1836  |7 0  |8 X  |9 398220  |a FDOBUD  |b FDOBUD  |d 2019-11-22  |i 1007238  |o 910.4 SEY 1836  |p 1007238  |r 2019-11-22  |w 2019-11-22  |y BK_X  |k BUD